Państwa Europy po zdjęciu stolicy - Statystyki

Ogólne statystyki
  • Ten quiz został rozwiązany 13 razy
  • Średni wynik to 25 z 32
Statystyki odpowiedzi
Obrazkowy Odpowiedź % Poprawnych
Francja
100%
Grecja
92%
Islandia
92%
Niemcy
92%
Polska
92%
Rosja
92%
Ukraina
92%
Watykan
92%
Wielka Brytania
92%
Włochy
92%
Czechy
83%
Luksemburg
83%
Norwegia
83%
Portugalia
83%
Węgry
83%
Austria
75%
Belgia
75%
Bułgaria
75%
Liechtenstein
75%
Malta
75%
Monako
75%
Słowacja
75%
Andora
67%
Hiszpania
67%
Litwa
67%
Łotwa
67%
Albania
58%
Chorwacja
58%
Macedonia Północna
58%
Słowenia
58%
Szwajcaria
58%
Serbia
42%
Nie znaleziono quizów pasujących do podanych kryteriów
Rozkład punktacji
Procent ludzi z każdym wynikiem
Percentyl według liczby udzielonych odpowiedzi
Twoja historia wyników
Nie rozwiązałeś tego quizu